Men's Tennis - French Open's Finals - Statistics

General Stats
  • This quiz has been taken 719 times
    155 since last reset
  • The average score is 32 of 57
Answer Stats
Nombre de finales jouées Finaliste % Correct
7 Novak Djokovic
99%
14 Rafael Nadal
99%
2 Carlos Alcaraz
98%
5 Roger Federer
98%
1 Jannik Sinner
96%
1 Alexander Zverev
94%
3 Andre Agassi
92%
2 Stanislas Wawrinka
89%
1 John McEnroe
84%
1 Andy Murray
83%
6 Björn Borg
83%
1 David Ferrer
83%
2 Dominic Thiem
83%
2 Casper Ruud
80%
1 Stéfanos Tsitsipás
79%
5 Ivan Lendl
77%
2 Juan Carlos Ferrero
76%
2 Rod Laver
75%
3 Gustavo Kuerten
74%
2 Robin Söderling
72%
3 Jim Courier
71%
1 Andreï Medvedev
68%
2 Michael Chang
68%
1 Stefan Edberg
68%
1 Carlos Moyà
67%
5 Mats Wilander
64%
1 Gastón Gaudio
59%
2 Ilie Năstase
58%
1 Yannick Noah
58%
2 Ken Rosewall
53%
1 Guillermo Coria
52%
4 Guillermo Vilas
51%
1 Albert Costa
50%
1 Thomas Muster
50%
1 Yevgueni Kafelnikov
50%
3 Sergi Bruguera
46%
1 Adriano Panatta
41%
1 Andrés Gómez
39%
2 Jan Kodeš
39%
2 Àlex Corretja
38%
1 Michael Stich
38%
1 Mariano Puerta
37%
1 Petr Korda
33%
1 Vitas Gerulaitis
33%
1 Andrés Gimeno
32%
1 Manuel Orantes
31%
1 Magnus Norman
29%
1 Henri Leconte
27%
1 Martin Verkerk
26%
1 Alberto Berasategui
22%
1 Harold Solomon
17%
1 Brian Gottfried
15%
1 Mikael Pernfors
15%
1 Patrick Proisy
13%
1 Víctor Pecci
11%
1 Nikola Pilić
8%
1 Željko Franulović
8%
No matching quizzes found
Score Distribution
Percent of People with Each Score
Percentile by Number Answered
Your Score History
You have not taken this quiz since the last reset